1510 1792 1846 1094 1227 1393 1883 1993 1748 1890 1859 1584 1073 1430 1256 1295 1153 1127 1160 1949 1469 1321 1806 1350 1796 1229 1064 1837 1306 1927 1658 1329 1309 1811 1679 1858 1100 1499 1494 1460 1088 1945 1503 1292 1047 1372 1439 1517 1158 1218 1086 1985 1255 1092 1332 1038 1241 1575 1764 1553 1084 1517 1627 1272 1362 1622 1566 1635 1090 1571 1280 1844 1592 1266 1285 1167 1745 1894 1719 1156 1656 1530 1385 1043 1892 1899 1223 1694 1161 1171 1779 1817 1023 1894 1876 1824 1828 1754 1518 BCNSPRNW ULIB Ver.6.0+V

เปลี่ยนเป็นภาษาไทย

Change to English
 แสดงรายละเอียดบรรณานุกรม
  กลับหน้าหลัก

Brief Record : Get Marc (ISO 2709) : E-mail record : QR code < ปิดหน้าต่าง
LEADER : 00000nam 2200000uu 4500
001    13399126121
003     ULIB
008    180611s2015||||th 000 0 tha d
020    ^a9781438075662 (pbk. with MP3 CD)
050 00 ^aPE1128^bS532B
100 1  ^aSharpe, Pamela J.,^eauthor.
240 10 ^aOutsmart the TOEFL
245 10 ^aTOEFL strategies and tips : Outsmart the TOEFL /^bPamelaJ. Sharpe, Ph.D.
246 3  ^aBarron TOEFL strategies and tips
246 3  ^aOutsmart the TOEFL
250    ^a2nd edition.
260    ^aNew York^bBarron Educational Series,Inc^c2015
300    ^a453 pages :^billustrations ;^c28 cm ^e1MP3-CD(digital ; 4 3/4 in.)
650  0 ^aTest of English as a Foreign Language^vStudy guides.
650  0 ^aEnglish language^xExaminations^vStudy guides.
650  0 ^aEnglish language^vSound recordings for foreign speakers.
945    ^p875^l0^i004210
945    ^p875^l0^i004211
999    ^aวรรณษา ชูชัยมงคล
รายการนี้ยังไม่มีแท็ก
คุณยังไม่ได้ล็อกอิน คุณสามารถมีกิจกรรมร่วมกับเว็บไซต์ได้ แต่ต้องล็อกอินก่อน ::
  ล็อกอิน

รายการสื่อสารสนเทศ

ลำดับที่ ประเภท เลขเรียก/บาร์โค้ด สถานที่ สถานะ
1. วิทยาศาสตร์การแพทย์ และสุขภาพ
หนังสือสำรอง
สถานะ=หนังสือสำรอง
PE1128 S532B ฉ.1 
  Barcode: 004210
ห้องสมุดวิทยาเขตนครสวรรค์
►นวนิยาย:l:Fiction
บนชั้น
2. วิทยาศาสตร์การแพทย์ และสุขภาพ
วิทยาศาสตร์การแพทย์ และสุขภาพ
PE1128 S532B ฉ.2 
  Barcode: 004211
ห้องสมุดวิทยาเขตนครสวรรค์
►นวนิยาย:l:Fiction
ถูกยืม กำหนดส่งวันที่ 11 เมษายน 2568
  จอง

BibComment


ยังไม่เคยถูกคอมเมนท์

คอมเมนท์ทรัพยากรรายการนี้
  คอมเมนท์: TOEFL strategies..


 Copyright 2026. Bcnsprnw @Library